Statistics for WORLD POWERS

Click here to take the quiz!

General Stats

  • This quiz has been taken 20 times
  • The average score is 10 of 12

Answer Stats

Answer% Correct
BRAZIL
100%
INDIA
100%
JAPAN
100%
UK
100%
CHINA
94%
RUSSIA
94%
SOUTH KOREA
94%
UN
88%
USA
88%
SAUDI ARABIA
82%
EU
76%
AU
12%

Score Distribution

Percentile by Number Answered

Percent of People with Each Score

Your Score History

You have not taken this quiz